| 000 | 00503nam a2200181Ia 4500 | ||
|---|---|---|---|
| 003 | OSt | ||
| 005 | 20211130054850.0 | ||
| 008 | 211109s9999||||xx |||||||||||||| ||und|| | ||
| 040 | _cSBCL | ||
| 082 |
_a494.8125 _bJOH-S |
||
| 100 | _aJohn, Kunnapalli | ||
| 245 | 0 | _aSabda Saubhagam | |
| 260 |
_bRanjima Pub _aChry Bn 12 _c1900 |
||
| 300 | _a381p. | ||
| 630 | _xGENERAL STACK | ||
| 650 |
_aMalayalam language _vMalayalam grammar _xAltaic, Uralic, Hyperborean & Dravidian LanguageGeneralia |
||
| 942 | _cBOOK | ||
| 999 |
_c45313 _d45313 |
||